洄瀾 : 相逢巨流河
| 資料類型: | 圖書 | 書目號: | 47233 |
Leader xxxxxxxxxx 005 __ 20140314084120.0 010 0_ |a978-986-320-386-5|b軟皮精裝|dNT$450 020 __ |atw|b103000288 042 __ |anbic 100 __ |a20140616d2014 km y0chiy50 e 101 0_ |achi 102 __ |atw 105 __ |ay z 000cy 200 1_ |a洄瀾|e相逢巨流河|f齊邦媛編著 205 __ |a一版二印 210 __ |a臺北市|c遠見天下文化|d2014[民103] 215 0_ |a391面|d22公分 225 2_ |a華文創作|v82 410 _0 |12001 |a華文創作|v82 681 __ |a855.48|y103 700 _1 |a齊|b邦媛|4編著 681 __ |a855.48|b8479 801 _0 |atw|b內湖高中|c20140616|gCCR |